<?xml version="1.0" encoding="UTF-8"?>
<marc:record xmlns:marc="http://www.loc.gov/MARC21/slim">
   <marc:leader>00000nam a2200000 a 4500</marc:leader>
   <marc:datafield ind1="1" ind2=" " tag="100">
      <marc:subfield code="a">Cordes, Miriam</marc:subfield>
      <marc:subfield code="4">aut</marc:subfield>
      <marc:subfield code="e">Verfasser/-in</marc:subfield>
   </marc:datafield>
   <marc:datafield ind1="0" ind2="0" tag="245">
      <marc:subfield code="a">Was hat der Bär denn eingepackt?</marc:subfield>
   </marc:datafield>
   <marc:datafield ind1="0" ind2="0" tag="245">
      <marc:subfield code="b">mit vielen Klappen</marc:subfield>
   </marc:datafield>
   <marc:datafield ind1="0" ind2="0" tag="245">
      <marc:subfield code="c">Miriam Cordes</marc:subfield>
   </marc:datafield>
   <marc:datafield ind1=" " ind2="1" tag="264">
      <marc:subfield code="a">Hamburg</marc:subfield>
      <marc:subfield code="b">Oetinger</marc:subfield>
      <marc:subfield code="c">2015</marc:subfield>
   </marc:datafield>
   <marc:datafield ind1="1" ind2=" " tag="520">
      <marc:subfield code="a">Angaben aus der Verlagsmeldung

Was hat der Bär denn eingepackt? / von Miriam Cordes

Ich packe meinen Koffer und nehme mit: das Buch vom Reisebär! Der Reisebär mag reisen sehr und Koffer packen noch viel mehr. Und weil sein Koffer herrlich gro? ist, passen dort jede Menge Dinge hinein. Zuerst nimmt der Bär seinen Pyjama. Dann seinen Hut. Und dann? Was hat der Bär noch eingepackt? Auf jeder linken Seite sieht man den Koffer, der mit einer Klappe zu öffnen ist. So können die Kleinen gleich nachschauen, was der Bär schon eingepackt hat. Und als endlich alles im Koffer verstaut ist, ist der Bär so müde, dass er gar nicht mehr verreisen möchte.
"""Was hat der Bär denn eingepackt?"" von Miriam Cordes ist erster Ratespa? für die"
Kleinsten.
</marc:subfield>
   </marc:datafield>
   <marc:datafield ind1=" " ind2=" " tag="020">
      <marc:subfield code="a">9783789163661</marc:subfield>
      <marc:subfield code="9">9783789163661</marc:subfield>
   </marc:datafield>
   <marc:datafield ind1=" " ind2=" " tag="020">
      <marc:subfield code="a">378916366X</marc:subfield>
      <marc:subfield code="9">378916366X</marc:subfield>
   </marc:datafield>
   <marc:datafield ind1=" " ind2=" " tag="300">
      <marc:subfield code="a">20 ungezählte Seiten</marc:subfield>
   </marc:datafield>
</marc:record>
